Фотометрический метод определения железа в катализаторе "серебро на пензе"; Химия и химическая технология на рубеже тысячелетий

Dades bibliogràfiques
Parent link:Химия и химическая технология на рубеже тысячелетий.— 2004.— [С. 240-241]
Autor principal: Чернова Л. И.
Altres autors: Ярополова Л. Н., Сидоренко А. А.
Sumari:Заглавие с титульного листа
Электронная версия печатной публикации
Idioma:rus
Publicat: 2004
Matèries:
Accés en línia:http://www.lib.tpu.ru/fulltext/v/Conferences/2004/K01/41168.pdf
Format: MixedMaterials Electrònic Capítol de llibre
KOHA link:https://koha.lib.tpu.ru/cgi-bin/koha/opac-detail.pl?biblionumber=219426

MARC

LEADER 00000naa2a2200000 4500
001 219426
005 20260203161848.0
035 |a (RuTPU)RU\TPU\book\239479 
035 |a RU\TPU\book\239473 
090 |a 219426 
100 |a 20120706d2004 k y0rusy50 ca 
101 0 |a rus 
102 |a RU 
135 |a drnn ---uucaa 
181 0 |a i  
182 0 |a b 
200 1 |a Фотометрический метод определения железа в катализаторе "серебро на пензе"  |f Л. И. Чернова, Л. Н. Ярополова, А. А. Сидоренко 
203 |a Текст  |c электронный 
215 |a 1 файл (325 Кб) 
300 |a Заглавие с титульного листа 
300 |a Электронная версия печатной публикации 
337 |a Adobe Reader 
463 1 |0 (RuTPU)RU\TPU\book\74583  |t Химия и химическая технология на рубеже тысячелетий  |o материалы III Всероссийской научной конференции, Томск, 2-4 сентября 2004 г.  |f Российское химическое общество им. Д. И. Менделеева; Химия и химическая технология на рубеже тысячелетий. Всероссийская научная конференция; Российская Академия естествознания; Администрация Томской области; ООО "Томскнефтехим"; ЗАО "Метанол"; Томский политехнический университет  |v [С. 240-241]  |d 2004 
610 1 |a железо 
610 1 |a методы определения 
610 1 |a фотометрия 
610 1 |a катализаторы 
610 1 |a формалин 
610 1 |a серебро 
610 1 |a пенза 
610 1 |a электронный ресурс 
700 1 |a Чернова  |b Л. И. 
701 1 |a Ярополова  |b Л. Н. 
701 1 |a Сидоренко  |b А. А. 
801 1 |a RU  |b 63413507  |c 20120529 
801 2 |a RU  |b 63413507  |c 20120706  |g RCR 
856 4 |u http://www.lib.tpu.ru/fulltext/v/Conferences/2004/K01/41168.pdf 
942 |c CF